| 000 | 00399cam a2200169ua 4500 | ||
|---|---|---|---|
| 020 | _cRs. 2.00 | ||
| 041 |
_aeng _h |
||
| 082 |
_a923.2G _bBHA/GA |
||
| 100 | _aBharatan, Kumarappa . | ||
| 245 | _aGandhiji`s autobiography | ||
| 260 |
_aAhmedabad : _bNavajivan publishing house , _c1952. |
||
| 300 | _a296 ; . | ||
| 365 | _aRs. 2.00 | ||
| 504 | _a | ||
| 942 | _cBK | ||
| 999 |
_c461 _d461 |
||